000 00951nam a2200289 i 4500
001 67303
003 ES-MaACL
005 20240429101132.0
007 t|
008 040518s2003 sp ||||0| spa d
020 _a84-8310-897-6
040 _aM-BN
_bspa
_cM-BN
080 _a821.134.2-14"19"
100 1 _aPadorno, Manuel.
_988199
245 1 0 _aCanción atlántica
_b: los cuatro libros de poesía, 1997-2002 /
_cManuel Padorno ; edición de Josefina Betancor.
250 _a1ª ed.
260 _aBarcelona :
_bTusquets,
_c2003.
300 _a364 p. ;
_c21 cm.
490 1 _aMarginales. Nuevos textos sagrados ;
_v215
500 _aIndice.
505 8 _aPara mayor gloria ; Hacia otra realidad ; El otro lado ; Fantasía del retorno
700 1 _aBetancor, Josefina.
_928631
830 0 0 _aMarginales.
_pNuevos textos sagrados ;
_v215
_9236111
852 _aES-MaACL
_jL-27529
_bR.133283
942 _2udc
999 _c67303
_d67303